000 00196 a2200097 4500
001 29118
100 _aIrving T B
245 _aFalcon of Spain
260 _a
_bM Ashraf
_c
090 _c19446
_d19446
942 _aNUST-CAE
_cM
_c10498
999 _c264191
_d264191